| 000 | 01128nam a22002657a 4500 | ||
|---|---|---|---|
| 005 | 2010101908158.0 | ||
| 008 | 101019t xxu||||| |||| 00| 0 hin d | ||
| 010 | _aHIN-94103 | ||
| 020 |
_c300.00 _a9788176753098 |
||
| 035 | _aHN-66449 | ||
| 037 | _bDBAD / PUB | ||
| 040 |
_aDPL _bHN |
||
| 082 | _a820.92 | ||
| 100 |
_923632 _aप्रियम अंकित |
||
| 245 |
_aपूर्वाग्रहों के विरूद्ध / _cप्रियम अंकित |
||
| 260 |
_aहरियाणा _bआधार प्रकाशन _c2011 |
||
| 270 |
_aएस.सी.एफ. 267,सेक्टर-16 पंचकुला _bहरियाणा _k134113 _e0172-2566952, 2520244 _maadhar-prakashan@yahoo.com |
||
| 300 | 1 |
_a172पृ. _c22सेमी (सजिल्द) |
|
| 650 | _9657 | ||
| 650 | _934273 | ||
| 700 | _934278 | ||
| 710 | _934811 | ||
| 942 |
_2ddc _cHN _h820.92 _mप्रियम |
||
| 999 |
_c57165 _d57165 |
||